000 00666nam a22001577a 4500
003 OSt
005 20151202140410.0
008 151202b xxu||||| |||| 00| 0 eng d
040 _cRUA
082 _aFIS CHE 2001 B173 Or.1
100 _94135
_aCHEA, MONG.
245 _aThreatened status of marine mammals along the coastal areas in sihanouk ville and kampot province, ការគំរាមគំហែងទៅលើថនិកសត្វសមុទ្រនៅតាមឆ្នេរនៃក្រុងព្រះសីហនុ និង ខេត្តកំពត
260 _aPhnom Penh
_bRUA
_c2001
300 _a43p.
_bill.
_c29cm.
942 _2ddc
_cFIS
999 _c3848
_d3848